| 000 | 00482nab a2200145Ia 4500 | ||
|---|---|---|---|
| 003 | ES-SlBCS | ||
| 005 | 20210601125501.0 | ||
| 008 | 140529s1996 xxu||||| |||| 00| 0 eng d | ||
| 041 | _aeng | ||
| 100 | 1 |
_aMcgrade, Arthur Stephen _9132217 |
|
| 245 | 0 | 0 |
_aAristotle's Place in the History of Natural Rights _c Arthur Stephen Mcgrade |
| 600 | 0 | 4 |
_aAristóteles-Derecho Natural _9159193 |
| 773 | 0 |
_tReview of Methaphysics _gvol. 49/4, nº. 196, 1996, págs. 803-829 _wRev843 |
|
| 942 | _cAR | ||
| 999 |
_c531078 _d531078 |
||